Project finance in developing countries

Gespeichert in:
Bibliographische Detailangaben
Format: Buch
Sprache:Undetermined
Veröffentlicht: Washington DC IFC 1999
Schlagworte:
Tags: Tag hinzufügen
Keine Tags, Fügen Sie den ersten Tag hinzu!
Thư viện lưu trữ: Trung tâm Học liệu Trường Đại học Cần Thơ
LEADER 00447nam a2200169Ia 4500
001 CTU_62763
008 210402s9999 xx 000 0 und d
082 |a 332.153 
082 |b P962 
245 0 |a Project finance in developing countries 
260 |a Washington DC 
260 |b IFC 
260 |c 1999 
650 |a economic development projects 
650 |x finance 
904 |i Minh 
980 |a Trung tâm Học liệu Trường Đại học Cần Thơ